Výcvik psa /

Hlavní autor: Schlegl-Kofler, Katharina
Další autoři: Steimer, Christine
Jazyk: Slovenština
Vydáno: Praha : Vašut, 2013
Vydání: 1. slovenské vyd.
Edice: Ako na to
Témata:
psi
Fyzický popis: 62 s. : barev. il., portréty ; 20 cm
Knihy
Uloženo v:
LEADER 01676nam a2200505 a 4500
001 nkc20132448044
003 CZ PrNK
005 20130426132053.0
007 ta
008 130321s2013 xr ac e f 001 0 slo
015 |a cnb002448044 
020 |a 978-80-7236-835-8  |q (brož.) 
035 |a (OCoLC)842345483 
040 |a BOA001  |b cze  |d ABA001 
041 1 |a slo  |h ger 
072 7 |a 636  |x Chov zvířat. Živočišná výroba  |2 Konspekt  |9 24 
080 |a 636.7  |2 MRF 
080 |a 636.08  |2 MRF 
080 |a 636.088  |2 MRF 
080 |a (035)  |2 MRF 
100 1 |a Schlegl-Kofler, Katharina  |7 xx0059535  |4 aut 
245 1 0 |a Výcvik psa /  |c autorka Katharina Schlegl-Kofler ; fotografie Christine Steimer 
250 |a 1. slovenské vyd. 
260 |a Praha :  |b Vašut,  |c 2013 
300 |a 62 s. :  |b barev. il., portréty ;  |c 20 cm 
490 1 |a Ako na to 
500 |a Z němčiny přeložila Kristína Jakubičková 
504 |a Obsahuje bibliografii a rejstřík 
650 0 7 |a psi  |7 ph115940  |2 czenas 
650 0 7 |a chov domácích zvířat  |7 ph119200  |2 czenas 
650 0 7 |a výcvik zvířat  |7 ph135107  |2 czenas 
650 0 9 |a dogs  |2 eczenas 
650 0 9 |a keeping of domestic animals  |2 eczenas 
650 0 9 |a animal training  |2 eczenas 
655 7 |a příručky  |7 fd133209  |2 czenas 
655 9 |a handbooks and manuals  |2 eczenas 
700 1 |a Steimer, Christine  |7 xx0017758  |4 pht 
765 0 |t Hundeerziehung  |9 Slovensky 
830 0 |a Ako na to  |0 s 
910 2 |a BOA001  |b 2-1301.579 
928 9 |a Jan Vašut 
990 |a BK 
995 |a 01 
991 |b 201304  |c NOV  |e n 
996 6 |b 2610543609  |c 2-1301.579  |l MZK  |r Sklad / do 1 hodiny  |n 0  |p p.v.  |w 001320039  |u 000010  |a 1  |e BOA001  |j MZK50  |s P